| 000 | | | 05779cbc2a2200000#x 450 |
| 001 | | | d2fe7b7c-2242-4924-b1fb-b910a1bd5627 |
| 005 | | | 20251023162500.0 |
| 101 | 0# | $a | rus |
| 102 | ## | $a | RU |
| 200 | 1# | $a | Дело о выкупе у ректора Академии И. П. Мартоса модели памятника Минину и князю Пожарскому, отлитой из алебастра |
| | $j | 24 апреля - 30 июля 1820 года |
| 251 | ## | $c | Дело |
| 215 | ## | $a | 12 листов |
| | $d | 36,5x26 см |
| 225 | 0# | $a | Фонд Департамент народного просвещения Министерства народного просвещения |
| | $h | Опись № 16 |
| 801 | #0 | $a | RU |
| | $b | РГИА |
| 801 | #1 | $a | RU |
| | $b | ПБ им. Б.Н. Ельцина |
| | $2 | rusmarc |
| | $c | 20160401 |
| 801 | #2 | $a | RU |
| | $b | ПБ им. Б.Н. Ельцина |
| | $g | RCR |
| | $2 | rusmarc |
| 850 | ## | $a | Федеральное казенное учреждение "Российский государственный исторический архив" |
| 852 | ## | $a | РГИА |
| | $j | 137 |
| 937 | ## | $d | 10905198 |
| | $h | ПБ |
| 100 | ## | $a | 20131003l18201820k##a0rusy0102####ca |
| 105 | ## | $a | у### |
| 122 | 2# | $a | d18200424## |
| | $a | d18200730## |
| 461 | #0 | $1 | 001a74412a3-3cc5-4d21-8f0a-dfe2fbd9e72d |
| | $1 | 2001 |
| | $a | Департамент народного просвещения Министерства народного просвещения |
| | $1 | 251 |
| | $c | Фонд |
| | $1 | 852 |
| | $j | 733 |
| 462 | #0 | $1 | 00145bd192c-70a6-4b25-b2eb-8d8fa48ca5d4 |
| | $1 | 2001 |
| | $a | 1811-1828 гг. |
| | $v | Д. 137 |
| | $1 | 251 |
| | $c | Опись |
| | $1 | 852 |
| | $j | 16 |
| 035 | ## | $a | d2fe7b7c-2242-4924-b1fb-b910a1bd5627 |
| 300 | ## | $a | Рукописный текст. Чернила |
| 300 | ## | $a | Оригинальный заголовок дела: По представлению Президента Академии художеств о приобретении у ректора Академии Мартоса модели монумента граданину Мининну и князю Пожарскому : начато 24 апреля - кончено 30 июля 1820 года |
| 517 | 1# | $a | По представлению Президента Академии художеств о приобретении у ректора Академии Мартоса модели монумента граданину Мининну и князю Пожарскому |
| | $e | начато 24 апреля - кончено 30 июля 1820 года |
| 607 | ## | $2 | prlib_sh |
| | $3 | LIBNET\UAF\0000118559 |
| | $a | Минину и Пожарскому, памятник (Москва, город) |
| | $j | Документы и материалы |
| 600 | #1 | $2 | nlr_sh |
| | $3 | RU\NLR\AUTH\66689901 |
| | $a | Мартос |
| | $g | Иван Петрович |
| | $b | И.П. |
| | $f | 1752 - 1835 |
| | $j | Документы и материалы |
| 606 | 1# | $2 | nlr_sh |
| | $3 | RU\NLR\AUTH\66689902 |
| | $a | Скульптура русская |
| | $z | 18 - 19 вв. |
| | $j | Документы и материалы |
| 605 | ## | $2 | acquisition_Prlib |
| | $3 | LIBNET\UAF\0000118504 |
| | $a | Государственные праздники России: история и современность |
| | $l | коллекция |
| 605 | ## | $2 | acquisition_Prlib |
| | $3 | LIBNET\UAF\0000078316 |
| | $a | К. Минин и Д. Пожарский |
| | $l | коллекция |
| 686 | ## | $2 | rubbk |
| | $a | 63.3(2)521-7ю11 |
| | $v | LBC/M |
| 686 | ## | $a | 85.13ю11 |
| | $v | LBC/M |
| | $2 | rubbk |